[Event "POL-chT3 Podkarpackie"]
[Site "Pstragowa"]
[Date "2014.05.04"]
[Round "8.15"]
[White "Juszczuk, Grzegorz"]
[Black "Luka, Marek"]
[Result "1-0"]
[WhiteElo "1888"]
[BlackElo "1656"]
[PlyCount "73"]
[EventDate "2014.04.30"]
[EventType "team-tourn"]
[EventRounds "9"]
[EventCountry "POL"]
[SourceTitle "EXT 2015"]
[Source "ChessBase"]
[SourceDate "2014.11.20"]
[SourceVersion "1"]
[SourceVersionDate "2014.11.20"]
[SourceQuality "1"]
[WhiteTeam "Tarnobrzeg"]
[BlackTeam "Rzeszow II"]
[WhiteTeamCountry "POL"]
[BlackTeamCountry "POL"]

1. d4 Nf6 2. Nf3 d6 3. Bf4 g6 4. e3 Bg7 5. Be2 0-0 6. 0-0 Nh5 7. Bg5 Nd7 8. c4 c6 9. Nc3 Re8 10. Bh4 Qc7 11. Ng5 Nhf6 12. Bg3 e5 13. b4 h6 14. Nge4 Nxe4 15. Nxe4 f5 16. Nc3 a6 17. c5 b5 18. Qb3+ Kh7 19. Rad1 Nf8 20. cxd6 Qd7 21. dxe5 Bxe5 22. Bxe5 Rxe5 23. Rd2 Bb7 24. Bf3 Ne6 25. Ne2 Rb8 26. Qc3 Qg7 27. d7 Nd8 28. Rfd1 Re7 29. Qc5 Qe5 30. Qb6 Rg7 31. g3 Rg8 32. Qd4 Qe6 33. Qf4 Nf7 34. d8Q Rbxd8 35. Rxd8 Nxd8 36. Qc7+ Qf7 37. Rd7 1-0

[Event "POL-chT3 Podkarpackie"]
[Site "Pstragowa"]
[Date "2014.05.02"]
[Round "4.3"]
[White "Kopacz, Lukasz"]
[Black "Luka, Marek"]
[Result "1-0"]
[WhiteElo "1962"]
[BlackElo "1656"]
[PlyCount "77"]
[EventDate "2014.04.30"]
[EventType "team-tourn"]
[EventRounds "9"]
[EventCountry "POL"]
[SourceTitle "EXT 2015"]
[Source "ChessBase"]
[SourceDate "2014.11.20"]
[SourceVersion "1"]
[SourceVersionDate "2014.11.20"]
[SourceQuality "1"]
[WhiteTeam "Mielec"]
[BlackTeam "Rzeszow II"]
[WhiteTeamCountry "POL"]
[BlackTeamCountry "POL"]

1. c4 Nf6 2. g3 g6 3. Bg2 Bg7 4. Nc3 c5 5. e3 Nc6 6. Nge2 d6 7. d3 0-0 8. 0-0 Rb8 9. a3 Bd7 10. Rb1 a5 11. h3 Ne5 12. f4 Nc6 13. Kh2 Re8 14. Nb5 Qc8 15. Bd2 Rd8 16. Nec3 Be8 17. g4 e5 18. f5 Ne7 19. g5 gxf5 20. gxf6 Bxf6 21. Rg1 Kh8 22. Qh5 e4 23. dxe4 Be5+ 24. Kh1 f6 25. Qh6 Bg6 26. Nd5 Ng8 27. Qh4 Rf8 28. exf5 Bxf5 29. e4 Bg6 30. Bf3 f5 31. Rxg6 Qe8 32. Rg2 Nf6 33. exf5 Nxd5 34. Bxd5 Qd7 35. Be6 Qc6 36. Bh6 Rg8 37. Bxg8 Rxg8 38. Rbg1 Bg3 39. Qf6+ 1-0

[Event "POL-chT3 Podkarpackie"]
[Site "Pstragowa"]
[Date "2014.05.01"]
[Round "2.9"]
[White "Luka, Marek"]
[Black "Fistek, Dariusz"]
[Result "0-1"]
[WhiteElo "1656"]
[BlackElo "2237"]
[PlyCount "116"]
[EventDate "2014.04.30"]
[EventType "team-tourn"]
[EventRounds "9"]
[EventCountry "POL"]
[SourceTitle "EXT 2015"]
[Source "ChessBase"]
[SourceDate "2014.11.20"]
[SourceVersion "1"]
[SourceVersionDate "2014.11.20"]
[SourceQuality "1"]
[WhiteTeam "Rzeszow II"]
[BlackTeam "Przemysl MKS Polonia"]
[WhiteTeamCountry "POL"]
[BlackTeamCountry "POL"]

1. d4 Nf6 2. c4 g6 3. Nc3 Bg7 4. Bg5 0-0 5. Nf3 d6 6. e4 h6 7. Bh4 Na6 8. a3 Qe8 9. Bd3 e5 10. dxe5 dxe5 11. 0-0 c6 12. b4 Nh5 13. h3 f5 14. exf5 gxf5 15. Be2 e4 16. Nd4 Nf4 17. Bg3 Nxe2+ 18. Ncxe2 Be6 19. Nxe6 Qxe6 20. Rc1 Bb2 21. Nf4 Qf7 22. Qd6 Bxc1 23. Rxc1 Qf6 24. Qd2 Rad8 25. Qe2 Nc7 26. Qh5 Qg5 27. Qe2 Rfe8 28. Qe3 Ne6 29. h4 Qg7 30. Nh5 Qg6 31. Nf4 Qg4 32. c5 Nxf4 33. Qxf4 Qxf4 34. Bxf4 Kg7 35. Bd6 e3 36. Re1 exf2+ 37. Kxf2 Rxe1 38. Kxe1 Re8+ 39. Kf2 Re4 40. g3 Kf6 41. Kf3 h5 42. Bf4 Rc4 43. Bg5+ Ke5 44. Bf4+ Kd4 45. Bb8 Kc3 46. Bxa7 Kb3 47. Bb6 Kxa3 48. Ba5 Kb3 49. Ke3 Re4+ 50. Kf3 Rg4 51. Kf2 f4 52. gxf4 Rxf4+ 53. Kg3 Rg4+ 54. Kh3 Ka4 55. Bc7 Kxb4 56. Bb6 Kb5 57. Ba7 Rc4 58. Kh2 Rxc5 0-1

[Event "POL-chT3 Podkarpackie"]
[Site "Pstragowa"]
[Date "2014.05.01"]
[Round "3.27"]
[White "Ziemniak, Piotr"]
[Black "Luka, Marek"]
[Result "1-0"]
[WhiteElo "1830"]
[BlackElo "1656"]
[PlyCount "77"]
[EventDate "2014.04.30"]
[EventType "team-tourn"]
[EventRounds "9"]
[EventCountry "POL"]
[SourceTitle "EXT 2015"]
[Source "ChessBase"]
[SourceDate "2014.11.20"]
[SourceVersion "1"]
[SourceVersionDate "2014.11.20"]
[SourceQuality "1"]
[WhiteTeam "Rzeszow"]
[BlackTeam "Rzeszow II"]
[WhiteTeamCountry "POL"]
[BlackTeamCountry "POL"]

1. e4 d6 2. d4 Nf6 3. Nc3 g6 4. f4 Bg7 5. Nf3 0-0 6. Be3 Ng4 7. Bg1 e5 8. h3 exd4 9. Bxd4 Bxd4 10. Qxd4 c5 11. Qd2 Nf6 12. 0-0-0 Nc6 13. Qxd6 Qe7 14. Qxe7 Nxe7 15. g4 h5 16. e5 Nxg4 17. hxg4 Bxg4 18. Be2 Rad8 19. Ng5 Rxd1+ 20. Rxd1 Bf5 21. Nce4 Kg7 22. Nf6 Nc6 23. c3 h4 24. Rh1 Rh8 25. Bc4 Nd8 26. Nfe4 Ne6 27. Bxe6 fxe6 28. Nxc5 h3 29. Ncxe6+ Kg8 30. Nd4 Bg4 31. e6 Kf8 32. Kd2 Ke7 33. Ke3 a6 34. Ndf3 Bf5 35. Nd4 Bg4 36. Kf2 Rf8 37. Kg3 Bf5 38. Nxf5+ Rxf5 39. Rxh3 1-0